Definición de un modelo para la implantación de redes de microcomputadores de área local en Costa Rica
Gespeichert in:
| 1. Verfasser: | |
|---|---|
| Weitere Verfasser: | , , |
| Format: | Buch |
| Veröffentlicht: |
[San José , Costa Rica]
1985
|
| Schlagworte: | |
| Tags: |
Tag hinzufügen
Keine Tags, Fügen Sie den ersten Tag hinzu!
|
MARC
| LEADER | 00000nam a2200000Ia 4500 | ||
|---|---|---|---|
| 003 | 002779 | ||
| 005 | 20221231144404.0 | ||
| 008 | 140114s1985 cr a m 000 ||s d | ||
| 040 | |c cru CEDI | ||
| 090 | |a TFG 1640 | ||
| 100 | |a Chaves Darcia, Johnny |9 14606 | ||
| 245 | |a Definición de un modelo para la implantación de redes de microcomputadores de área local en Costa Rica | ||
| 260 | |c 1985 |a [San José , Costa Rica] | ||
| 300 | |a ix 277 hojas ; 28 cm | ||
| 500 | |a Seminario de graduación (licenciatura en computación e informatica)--Universidad de Costa Rica. Escuela de Ciencias de la Computación e Informática | ||
| 650 | |x REDES DE MICROCOMPUTADORAS |x MICROCOMPUTADORAS |9 14609 | ||
| 700 | |9 14607 |a Calvo Solano, Jorge | ||
| 700 | |9 14608 |a Carranza Jiménez, Rolando | ||
| 700 | |9 14265 |a Arias Formoso, Rodolfo | ||
| 942 | |c TFG | ||
| 999 | |c 21145 |d 21145 | ||
